| 000 | 00840cam a2200301 i 4500 | ||
|---|---|---|---|
| 999 |
_c4910 _d4910 |
||
| 001 | 4910 | ||
| 003 | BD-JhCC | ||
| 005 | 20171205162849.0 | ||
| 008 | 801204s1981 ctua 001 0 eng | ||
| 020 | _a0870553771 | ||
| 035 | _a(BD-JhCC) | ||
| 040 |
_aDLC _cDLC _dDLC |
||
| 041 | _aeng | ||
| 050 | 0 | 0 |
_aSB603.5 _b.P93 |
| 082 | 0 | 0 |
_a635/.049 _219 _bPYE 1981 |
| 100 | 1 |
_aPyenson, Louis, _d1909- |
|
| 245 | 1 | 0 |
_aPlant health handbook : _ba guide to better gardening indoors and outdoors / _cLouis Pyenson. |
| 260 |
_aWestport, Conn. : _bAVI Pub. Co., _cc1981. |
||
| 300 |
_axi, 241 p. : _bill. ; _c26 cm. |
||
| 500 | _aIncludes index. | ||
| 650 | 0 |
_aGarden pests _xControl. |
|
| 650 | 0 | _aPlant diseases. | |
| 650 | 0 | _aPlants, Protection of. | |
| 650 | 0 | _aPlant health. | |
| 650 | 0 | _aGardening. | |
| 942 |
_2ddc _cBK |
||